000 00722nam a2200241Ia 4500
003 OSt
005 20220918230053.0
006 a|||||r|||| 00| 0
007 ta
008 220917b |||||||| |||| 00| 0 eng d
024 _a248,088
037 _cTextual
040 _aARTS
_cARTS
_beng
041 _2eng
_aeng
082 _aX8(J):28, K9
100 _aSchiller Otto M.
_9151822
245 0 _aCooperation and integration in agriculture production
_b concepts amd pratical application an international synopsis
260 _aLondon
_bAsia Publishing House U K
_c1969
300 _a230p.
_ccm.
650 _aECONOMICS
942 _hX8(J):28, K9
_cTEXL
_2CC
999 _c286950
_d286950